|
|
|
|
| LEADER |
01463cam a2200373Ia 4500 |
| 001 |
9781134503773 |
| 003 |
FlBoTFG |
| 005 |
20100930121849.0 |
| 006 |
a|||||s||||||||||| |
| 007 |
cr|||| |
| 008 |
010516s2002 nyuab sb 001 0 eng d |
| 010 |
|
|
|a 2001034888
|
| 020 |
|
|
|a 9780203472231 (e-book : PDF)
|
| 040 |
|
|
|a FlBoTFG
|c FlBoTFG
|d GrThAP
|
| 043 |
|
|
|a e-gr---
|
| 090 |
|
|
|a DF261.S8
|b C37 2002
|
| 092 |
|
|
|a 938.9
|b C327
|
| 100 |
1 |
|
|a Cartledge, Paul.
|
| 245 |
1 |
0 |
|a Sparta and Lakonia
|h [electronic resource] :
|b a regional history, 1300-362 B.C. /
|c Paul Cartledge.
|
| 250 |
|
|
|a 2nd ed.
|
| 260 |
|
|
|a New York :
|b Routledge,
|c 2002.
|
| 300 |
|
|
|a xiv, 354 p. :
|b ill., maps ;
|c 24 cm.
|
| 500 |
|
|
|a "The basis of this book was laid in an unpublished doctoral thesis 'Early Sparta c. 950-650 BC: an archaeological and historical study' (Oxford 1975)"--p. xi.
|
| 500 |
|
|
|a First ed. published in 1979.
|
| 504 |
|
|
|a Includes bibliographical references (p. 318-337) and index.
|
| 530 |
|
|
|a Also available in print edition.
|
| 533 |
|
|
|a Electronic reproduction.
|b [London, Eng. :
|b Taylor and Francis,
|d 2010].
|n PDF file created from digital scan of print book.
|
| 651 |
|
0 |
|a Sparta (Extinct city)
|x History.
|
| 651 |
|
0 |
|a Lakåonia (Greece)
|x History.
|
| 655 |
|
7 |
|a Electronic books.
|2 lcsh
|
| 776 |
1 |
|
|z 0415263565
|
| 776 |
1 |
|
|z 0415262763
|
| 776 |
1 |
|
|z 9780415262781
|
| 856 |
4 |
0 |
|u http://www.tandfebooks.com/isbn/9780203472231
|z Full Text via HEAL-Link
|